000 00311nam a2200121 a 4500
005 20140414093846.0
008 100218s19uu xx 00 eng d
050 _aCDB 005
_bTEC 2007
245 _aTechFactors :
_bIT Project, Teacher's CD.
650 _aComputer programming.
942 _cAVM
999 _c109613
_d109613